History Quiz

Random History or Famous Quiz

In Memoriam: 2011 Quiz Stats

 Plays Quiz Updated Apr 30, 2019

Score 0/42 Timer 12:00
5 Plays Today
% Correct
Osama bin Laden
83.7%
Amy Winehouse
82.6%
Steve Jobs
71.7%
Kim Jong-il
65.7%
Elizabeth Taylor
60.6%
Muammar al-Gaddafi
51.2%
Clarice Taylor
49.8%
Peter Falk
49.6%
Macho Man Randy Savage
43.8%
Andy Rooney
37.8%
Joe Frazier
35.4%
Harry Morgan
31%
Bubba Smith
27.6%
Geraldine Ferraro
25.6%
Betty Ford
25.4%
Jack Lalanne
23.7%
Harmon Killebrew
20%
Al Davis
17.1%
James Arness
16.9%
Ryan Dunn
16.8%
Dr. Jack Kevorkian
16.6%
% Correct
Heavy D
16.1%
Jeff Conaway
14.8%
Clarence Clemons
12.9%
Jane Russell
12%
Pete Postlethwaite
10.7%
Christopher Hitchens
10.6%
Patrice O'Neal
10.1%
Warren Christopher
9.3%
Gary Speed
8.4%
Michael Gough
8.1%
Nate Dogg
7.8%
Dan Wheldon
4.4%
Elisabeth Sladen
4.2%
Václav Havel
3.7%
Sidney Lumet
3.5%
Brian Jacques
1.7%
Gerry Rafferty
1.7%
Frances Bay
1.5%
Bil Keane
1.3%
Anne McCaffrey
1.1%
Wangari Maathai
0.9%

You're not logged in!

Compare scores with friends on all Sporcle quizzes.
OR
Log In

Sporcle TV

Today on Sporcle TV


Watch our educational content, quiz creation guides, and fun videos on Sporcle TV.

Show Comments

Extras

Top Quizzes Today


Score Distribution

Your Account Isn't Verified!

In order to create a playlist on Sporcle, you need to verify the email address you used during registration. Go to your Sporcle Settings to finish the process.

Report this User

Report this user for behavior that violates our Community Guidelines.

Details: